[Event "FRA-chT2B 0506"]
[Site "France"]
[Date "2006.03.11"]
[Round "8.9"]
[White "Mohnblatt, Daniel"]
[Black "Seret, Dominique"]
[Result "1-0"]
[WhiteElo "1903"]
[BlackElo "1499"]
[PlyCount "39"]
[EventDate "2005.10.27"]
[EventType "team-tourn"]
[EventRounds "11"]
[EventCountry "FRA"]
[SourceTitle "EXT 2006"]
[Source "ChessBase"]
[SourceDate "2005.11.24"]
[SourceVersion "1"]
[SourceVersionDate "2005.11.24"]
[SourceQuality "1"]
[WhiteTeam "Clichy II"]
[BlackTeam "Gif sur Yvette"]
[WhiteTeamCountry "FRA"]
[BlackTeamCountry "FRA"]

1. d4 d5 2. c4 e6 3. Nc3 Nc6 4. Nf3 Nf6 5. Bg5 Be7 6. e3 0-0 7. Qc2 b6 8. cxd5 exd5 9. a3 Bb7 10. Bd3 Ne4 11. Nxe4 dxe4 12. Bxe7 Qxe7 13. Bxe4 g6 14. Bxc6 Bxc6 15. Qxc6 Rad8 16. 0-0 Rd6 17. Qc4 Kg7 18. Rac1 Rc8 19. Ne5 f6 20. Nc6 1-0